| 000 | 00780nam a2200253Ia 4500 | ||
|---|---|---|---|
| 003 | OSt | ||
| 005 | 20220926005559.0 | ||
| 006 | a|||||r|||| 00| 0 | ||
| 007 | ta | ||
| 008 | 220923b |||||||| |||| 00| 0 eng d | ||
| 020 | _c40.00 | ||
| 037 |
_b4334, 29/12/1987, Uppal _cGeneral Book |
||
| 040 |
_aRTL _cRTL _beng |
||
| 041 |
_2eng _aeng |
||
| 082 | _aX61.2.N7, M2;M8/TD3 | ||
| 100 | _aGupta Suraj B | ||
| 245 | 0 |
_aMonetary economics _b Institutions, theory and policy |
|
| 250 | _a2nd | ||
| 260 |
_a New Delhi _bSultan Chand & Co. _c1988 |
||
| 300 |
_axvi, 460p. _ccm. |
||
| 500 | _aBibliography: P 449-54; Appendix: P 407-48 | ||
| 942 |
_hX61.2.N7, M2;M8/TD3 _cGB _2CC |
||
| 999 |
_c614395 _d614395 |
||